| 000 | 00735cam a22002412 4500 | ||
|---|---|---|---|
| 001 | 0000024889 | ||
| 005 | 20151217152306.0 | ||
| 008 | 140323s xx 000 0 eng d | ||
| 020 | _a0071315814 | ||
| 040 |
_aKABU _cKABU |
||
| 050 | 0 |
_aHF5635 _b.S65 2014 |
|
| 100 | 1 |
_aSpiceland, J. David. _@0000151907 |
|
| 245 | 1 | 0 |
_aFinancial accounting / _cJ. David Spiceland, Wayne Thomas, Don Herrmann. |
| 250 | _a3rd ed. | ||
| 260 |
_aNew York : _bMcGraw-Hill, _c2014. |
||
| 300 | _a1 v. (various pagings) | ||
| 650 | 0 |
_aAccounting. _@0000148321 |
|
| 700 | 1 |
_aThomas, Wayne. _@0000185146 |
|
| 700 | 1 |
_aHerrmann, Don. _@0000185147 |
|
| 852 | 1 | _9p4340 KES | |
| 908 | _a140323 | ||
| 950 | _@1 | ||
| 999 |
_c10406 _d10406 |
||